[Event "Leiden LCT op-A 5th"]
[Site "Leiden"]
[Date "2011.07.08"]
[Round "1"]
[White "Roosendaal, Chris"]
[Black "Frost, Peter"]
[Result "1-0"]
[WhiteElo "2182"]
[BlackElo "1940"]
[PlyCount "89"]
[EventDate "2011.07.08"]
[EventType "swiss"]
[EventRounds "9"]
[EventCountry "NED"]
[SourceTitle "CBM 143 Extra"]
[Source "ChessBase"]
[SourceDate "2011.08.29"]
[SourceVersion "1"]
[SourceVersionDate "2011.08.29"]
[SourceQuality "1"]

1. d4 Nf6 2. c4 g6 3. Nc3 Bg7 4. Nf3 0-0 5. g3 d6 6. Bg2 Nc6 7. d5 Na5 8. Nd2 c5 9. 0-0 a6 10. Rb1 Qc7 11. b3 Rb8 12. Bb2 b5 13. Ba1 Bd7 14. Qc2 bxc4 15. bxc4 Rxb1 16. Rxb1 Rb8 17. Nd1 Rxb1 18. Qxb1 Qb7 19. Qxb7 Nxb7 20. Bc3 Ne8 21. Bxg7 Kxg7 22. e4 Nc7 23. f4 Nd8 24. e5 Ne8 25. Nc3 h5 26. Kf2 e6 27. Nde4 f5 28. Ng5 Kf8 29. Ke3 Ke7 30. Kd3 Nf7 31. dxe6 Bxe6 32. Nxe6 Kxe6 33. Bd5+ Ke7 34. exd6+ Nfxd6 35. Na4 Nf6 36. Nxc5 Ng4 37. Nxa6 Nxh2 38. c5 Nc8 39. Bg2 Ng4 40. Nb4 Nf6 41. Nd5+ Nxd5 42. Bxd5 Kf6 43. Bf3 Ke7 44. Kd4 Ke6 45. a4 1-0

[Event "Lausanne op"]
[Site "Lausanne"]
[Date "2006.09.17"]
[Round "5"]
[White "Roosendaal, Chris"]
[Black "Raetsky, Alexander"]
[Result "0-1"]
[WhiteElo "2210"]
[BlackElo "2412"]
[PlyCount "38"]
[EventDate "2006.09.15"]
[EventType "swiss"]
[EventRounds "7"]
[EventCountry "SUI"]
[SourceTitle "CBM 114 Extra"]
[Source "ChessBase"]
[SourceDate "2006.11.03"]
[SourceVersion "1"]
[SourceVersionDate "2006.11.03"]
[SourceQuality "1"]

1. d4 d5 2. c4 dxc4 3. Nf3 a6 4. e3 e6 5. Bxc4 Nf6 6. 0-0 b5 7. Be2 Nbd7 8. a4 b4 9. a5 Bb7 10. Nbd2 c5 11. Nc4 Qc7 12. Nfe5 Be7 13. Nxd7 Nxd7 14. dxc5 Nxc5 15. Bd2 Rd8 16. Bf3 Bxf3 17. gxf3 0-0 18. Qc2 Nd3 19. Rfd1 Nxf2 0-1

[Event "Haarlem Nova College op"]
[Site "Haarlem"]
[Date "2006.07.08"]
[Round "3"]
[White "Roggeveen, Wouter"]
[Black "Roosendaal, Chris"]
[Result "0-1"]
[WhiteElo "1787"]
[BlackElo "2158"]
[PlyCount "121"]
[EventDate "2006.07.07"]
[EventType "swiss"]
[EventRounds "6"]
[EventCountry "NED"]
[SourceTitle "CBM 113 Extra"]
[Source "ChessBase"]
[SourceDate "2006.09.14"]
[SourceVersion "1"]
[SourceVersionDate "2006.09.14"]
[SourceQuality "1"]

1. e4 e6 2. d4 d5 3. Nc3 Nf6 4. Bg5 dxe4 5. Nxe4 Be7 6. Bxf6 Bxf6 7. Nf3 Nd7 8. c3 0-0 9. Bd3 e5 10. Nxf6+ Qxf6 11. 0-0 exd4 12. Nxd4 Ne5 13. Be4 c6 14. Re1 Bg4 15. Qc2 g6 16. h3 Bd7 17. Re2 Rae8 18. Rae1 Re7 19. b4 Rfe8 20. a4 Kg7 21. a5 Qd6 22. f4 Nc4 23. Qd3 Qxf4 24. Rf1 Qd6 25. Qxc4 Rxe4 26. Qxf7+ Kh6 27. Ref2 Qe7 28. Qc4 Qg5 29. Rf3 Re3 30. Qf7 R3e7 31. Qf4 Qxf4 32. Rxf4 Re3 33. R1f3 Rxf3 34. Rxf3 Re7 35. Kf2 Kg5 36. Rg3+ Kh4 37. Rf3 Be8 38. Rf4+ Kg5 39. Rg4+ Kf6 40. Rf4+ Ke5 41. Kf3 Kd5 42. c4+ Kd6 43. Ne2 Bf7 44. g3 c5 45. bxc5+ Kc6 46. Rh4 Be8 47. Nf4 Kxc5 48. Nd3+ Kd6 49. Rd4+ Kc7 50. Nb4 Bc6+ 51. Nd5+ Kd6 52. Kf4 Rf7+ 53. Kg5 Kc5 54. Re4 Bxd5 55. cxd5 Kxd5 56. Rb4 Kc5 57. Rb3 b5 58. Rd3 b4 59. Rd8 Kb5 60. Rd5+ Kc4 61. Rd8 0-1